000
00218 a2200085 4500
100
_a
George Gabriel Stokes
_9
25468
245
_a
Mathematical and Physical Papers
260
_b
Cambridge University Press
_c
2009
942
_c
TRB
999
_c
14796
_d
14796